Unstable Universe Weapons - Statistics

General Stats
  • This quiz has been taken 14 times
    3 since last reset
  • The average score is 4 of 21
Answer Stats
Owner Weapon Name % Correct
Wemmbu Mace Gambit
100%
Wemmbu Mace Crucible
50%
FlameFrags Sword Fragger
50%
Lomedy Mace Incinerator
50%
MinuteTech Mace Knightfall
50%
FlameFrags Sword The Flame
50%
FlameFrags Spear Carbonizer
0%
FlameFrags Spear Cremator
0%
LettuceK Mace Executioner
0%
Eggchan Bow how did you die to me
0%
FlameFrags Bow Incendiary
0%
FlameFrags Axe Inferno
0%
Wemmbu Sword Karma
0%
ManePear Sword ManeMachete
0%
ManePear Spear Manespear
0%
Wemmbu Axe Maxe
0%
Wemmbu Sword Nightrider
0%
FlameFrags Crossbow Pyromania
0%
Mapicc Sword Reyna
0%
Spoke Trident Thanatos
0%
MinuteTech Mace Vengeance
0%
No matching quizzes found
Score Distribution
Percent of People with Each Score
Percentile by Number Answered
Your Score History
You have not taken this quiz since the last reset